Das Staatsarchiv Basel-Stadt

Titel: Das Staatsarchiv Basel-Stadt : Aufgaben - Bestände - Benützung / hrsg. vom Verein der Freunde des Staatsarchivs. Red.: Daniel Kress
Veröffentlicht: Basel : Staatsarchiv Basel-Stadt, 1999
Umfang: 72 Seiten ; 21 cm
Format: Buch
Sprache: Deutsch
Schlagworte:
Kein Bild verfügbar
X
alg: 9469401
001A    $06000:29-11-00 
001B    $01999:10-03-25 $t09:21:48.000 
001D    $06000:29-11-00 
001U    $0utf8 
001X    $00 
002@    $0Aaxaf 
002C    $aText $btxt $2rdacontent 
002D    $aohne Hilfsmittel zu benutzen $bn $2rdamedia 
002E    $aBand $bnc $2rdacarrier 
003@    $009469401X 
003O    $070658385 $aOCoLC 
006G    $0960146679 
006U    $000,B50,0014 
007A    $0960146679 $aDNB 
007T    $0ArchMa01727 
010@    $ager 
011@    $a1999 
011F    $n© 1999 
013D    $RAdressbuch $RVerzeichnis $#Handbooks, vade-mecums, etc. $#Guides pratiques $#Stadtführer $#Reiseführer Formschlagwort $74155569-7 $8Führer [Ts1] $9085661619 
017A    $asf 
021A    $aDas @Staatsarchiv Basel-Stadt $dAufgaben - Bestände - Benützung $hhrsg. vom Verein der Freunde des Staatsarchivs. Red.: Daniel Kress 
033A    $pBasel $nStaatsarchiv Basel-Stadt 
034D    $a72 Seiten 
034I    $a21 cm 
041A/80 $i6.8 
041A/90 $hXA-CH-BS 
044K    $qDNB $RBasel-Stadt $#Staatsarchiv Kanton Basel-Stadt $#Staatsarchiv BS $#StABS $#Staatsarchiv des Kantons Basel-Stadt $#Basel-Stadt, Präsidialdepartement, Staatsarchiv Basel-Stadt $72022516-7 $8Staatsarchiv Basel-Stadt [Tb1] $9042762154 
045E    $a02 

lok: 9469401 59

exp: 9469401 59 1 #EPN
201B/01 $023-06-04 $t11:11:02.000 
201C/01 $013-02-02 
203@/01 $0167798103 
208@/01 $a13-02-02 $br 
209A/01 $aAE 100.52 $ds $f106 $hAE 100 52 $x00 
209B/01 $a98 $x05 
209C/01 $aII 1999/419 $h2 1999 419 
247C/01 $8358106-8 Marburg, Bibliothek der Archivschule Marburg $910260097X 
201U/01 $0utf8 

lok: 9469401 105

exp: 9469401 105 1 #EPN
201B/01 $030-01-19 $t12:37:21.000 
201C/01 $030-01-19 
201U/01 $0utf8 
203@/01 $01042208549 
208@/01 $a13-12-18 $be 
209A/01 $a/ $f106 $x00 
245Z/01 $a4.12.02. $bArchivwesen Europas / Schweiz, Liechtenstein / Archive und Archivbestände $x01 
247C/01 $8->Marburg, Bibliographie zum Archivwesen der Archivschule Marburg $939588196X
LEADER 00000cam a22000002c 4500
001 09469401X
003 DE-603
005 20250310092148.0
007 tu
008 001129s1999 xx |||| | u00||u|ger
015 |a 00,B50,0014  |2 dnb 
016 7 |2 DE-101  |a 960146679 
035 |a (DE-599)DNB960146679 
035 |a (OCoLC)70658385 
040 |a DE-603  |b ger  |c DE-603  |d DE-603 
041 |a ger 
043 |c XA-CH-BS 
084 |a 02  |q DE-101  |2 sdnb 
084 |a 6.8  |q DE-101  |2 sdnb 
090 |a b 
245 0 0 |a ˜Dasœ Staatsarchiv Basel-Stadt  |b Aufgaben - Bestände - Benützung  |c hrsg. vom Verein der Freunde des Staatsarchivs. Red.: Daniel Kress 
264 1 |a Basel  |b Staatsarchiv Basel-Stadt  |c 1999 
264 4 |c © 1999 
300 |a 72 Seiten  |c 21 cm 
336 |a Text  |b txt  |2 rdacontent 
337 |a ohne Hilfsmittel zu benutzen  |b n  |2 rdamedia 
338 |a Band  |b nc  |2 rdacarrier 
610 1 7 |a Staatsarchiv Basel-Stadt  |2 gnd  |0 (DE-588)2022516-7  |0 (DE-603)042762154 
655 7 |a Führer  |2 gnd-content  |0 (DE-588)4155569-7  |0 (DE-603)085661619 
924 0 |9 Mb 106  |a (DE-603)167798103  |b DE-Mb106  |c HES  |d c  |g AE 100.52 
924 0 |9 -  |a (DE-603)1042208549  |b DE-  |c HES  |d d  |g /